Рейтинг как критерий отбора претендентов на повышенную стипендию; Ресурсоэффективные системы в управлении и контроле: взгляд в будущее

Opis bibliograficzny
Parent link:Ресурсоэффективные системы в управлении и контроле: взгляд в будущее.— 2017.— [С. 130]
1. autor: Кониболоцкая А. А.
Korporacja: Томский государственный университет (ТГУ)
Kolejni autorzy: Корнилова О. Е. (научный руководитель), Квеско С. Б.
Streszczenie:Заглавие с экрана
Język:rosyjski
Wydane: 2017
Seria:Эффективные системы управления качеством
Hasła przedmiotowe:
Dostęp online:http://earchive.tpu.ru/handle/11683/44582
Format: Elektroniczne Rozdział
KOHA link:https://koha.lib.tpu.ru/cgi-bin/koha/opac-detail.pl?biblionumber=624847

MARC

LEADER 00000naa2a2200000 4500
001 624847
005 20231101133332.0
035 |a (RuTPU)RU\TPU\conf\24107 
035 |a RU\TPU\conf\24105 
090 |a 624847 
100 |a 20171201d2017 k y0rusy50 ca 
101 0 |a rus 
102 |a RU 
105 |a y z 101zy 
135 |a drgn ---uucaa 
181 0 |a i  
182 0 |a b 
200 1 |a Рейтинг как критерий отбора претендентов на повышенную стипендию  |f А. А. Кониболоцкая, О. Е. Корнилова  |g науч. рук. С. Б. Квеско 
203 |a Текст  |c электронный 
225 1 |a Эффективные системы управления качеством 
230 |a 1 компьютерный файл (pdf; 277 Кб) 
300 |a Заглавие с экрана 
320 |a [Библиогр.: с. 130 (2 назв.)] 
463 0 |0 (RuTPU)RU\TPU\conf\23960  |t Ресурсоэффективные системы в управлении и контроле: взгляд в будущее  |o сборник научных трудов VI Международной конференции школьников, студентов, аспирантов, молодых ученых, 9 -14 октября 2017 г., г. Томск  |f Национальный исследовательский Томский политехнический университет (ТПУ)  |v [С. 130]  |d 2017 
610 1 |a электронный ресурс 
610 1 |a рейтинги 
610 1 |a критерии 
610 1 |a отбор 
610 1 |a претенденты 
610 1 |a стипендии 
610 1 |a эффективность 
610 1 |a образовательное пространство 
610 1 |a студенты 
610 1 |a научно-исследовательская деятельность 
700 1 |a Кониболоцкая  |b А. А. 
701 1 |a Корнилова  |b О. Е. 
702 1 |a Квеско  |b С. Б.  |4 727 
712 0 2 |a Томский государственный университет (ТГУ)  |2 stltpush  |3 (RuTPU)RU\TPU\col\397 
801 2 |a RU  |b 63413507  |c 20171206  |g RCR 
856 4 |u http://earchive.tpu.ru/handle/11683/44582 
942 |c BK